[Event "Moscow Blitz Final 2014"]
[Site "Moscow RUS"]
[Date "2014.09.06"]
[Round "14.1"]
[White "Moskalenko, Alexander"]
[Black "Motylev, Alexander"]
[Result "1-0"]
[WhiteTitle "IM"]
[BlackTitle "GM"]
[WhiteElo "2460"]
[BlackElo "2686"]
[WhiteFideId "4155351"]
[BlackFideId "4121830"]
[EventDate "2014.09.06"]

1. d4 d6 2. Bg5 h6 3. Bh4 g5 4. Bg3 Bg7 5. e3 c5 6. c3 Nf6 7. dxc5 dxc5 8. Qxd8+
Kxd8 9. Na3 Ne4 10. Rd1+ Nd7 11. Nf3 Nxg3 12. hxg3 a6 13. Bc4 e6 14. Be2 b5 15.
Nd2 Ke7 16. Bf3 Ra7 17. Nc2 Ne5 18. Be2 Rd7 19. Nf3 Nc4 20. Bxc4 bxc4 21. Na3
Rxd1+ 22. Kxd1 Bb7 23. Nxc4 g4 24. Nh4 Bd5 25. Nd2 Bxa2 26. e4 c4 27. Kc2 Rb8
28. Ra1 Bb3+ 29. Nxb3 cxb3+ 30. Kd3 Rd8+ 31. Ke2 Rd6 32. Ra3 Rb6 33. Kd3 Rd6+
34. Ke2 Rb6 35. Kd3 Rd6+ 36. Ke2 Rb6 37. Kd3 Bf6 38. Kc4 Rd6 39. Kxb3 Rd2 40.
Rxa6 Rxf2 41. Ra8 Be5 42. Rg8 h5 43. Rg5 Bxg3 44. Rxh5 Re2 45. Rh7 Kf8 46. Rh8+
Kg7 47. Rh5 Rxe4 48. c4 Re5 49. Rxe5 Bxe5 50. g3 Bxg3 51. Ng2 Bd6 52. Kc3 f5 53.
b4 f4 54. c5 f3 55. cxd6 fxg2 56. d7 g1=Q 57. d8=Q Qe3+ 58. Qd3 Qc1+ 59. Kb3 Qg1
60. b5 g3 61. Qd7+ Kf6 62. Qd8+ Kf5 63. Qf8+ Ke4 64. Qg8 Qe3+ 65. Ka4 Qa7+ 66.
Kb4 Qe7+ 67. Kc4 Qc7+ 68. Kb4 Kf3 69. Qxe6 Qf4+ 70. Ka5 g2 71. Qe1 Qd4 72. Qe6
Qa7+ 73. Kb4 1-0

[Event "Moscow Blitz Final 2014"]
[Site "Moscow RUS"]
[Date "2014.09.06"]
[Round "14.2"]
[White "Mozharov, Mikhail"]
[Black "Popov, Ivan RUS"]
[Result "1/2-1/2"]
[WhiteTitle "GM"]
[BlackTitle "GM"]
[WhiteElo "2555"]
[BlackElo "2627"]
[WhiteFideId "4189825"]
[BlackFideId "4170350"]
[EventDate "2014.09.06"]

1. e4 c5 2. Nf3 Nc6 3. d4 cxd4 4. Nxd4 e5 5. Nb5 d6 6. N1c3 a6 7. Na3 b5 8. Nd5
Nge7 9. Bg5 h6 10. Bxb5 axb5 11. Nxb5 f6 12. Nxf6+ gxf6 13. Nxd6+ Qxd6 14. Qxd6
hxg5 15. Qxf6 Rh6 16. Qxg5 Rg6 17. Qd2 Rxg2 18. c3 Bg4 19. Qg5 O-O-O 20. Kf1 Bh3
21. Qh5 Rd3 22. f3 Rdd2 23. Qxh3+ Nf5 24. Qxf5+ Kc7 25. Qxf8 Rgf2+ 1/2-1/2

[Event "Moscow Blitz Final 2014"]
[Site "Moscow RUS"]
[Date "2014.09.06"]
[Round "14.3"]
[White "Belous, Vladimir"]
[Black "Riazantsev, Alexander"]
[Result "1/2-1/2"]
[WhiteTitle "GM"]
[BlackTitle "GM"]
[WhiteElo "2584"]
[BlackElo "2678"]
[WhiteFideId "4174003"]
[BlackFideId "4125029"]
[EventDate "2014.09.06"]

1. d4 Nf6 2. c4 e6 3. Nc3 Bb4 4. f3 c5 5. d5 O-O 6. e4 b5 7. Ne2 bxc4 8. Ng3
exd5 9. exd5 Re8+ 10. Be2 d6 11. O-O Bxc3 12. bxc3 Nbd7 13. Bxc4 Nb6 14. Bd3
Nbxd5 15. c4 Ne3 16. Bxe3 Rxe3 17. Ne4 d5 18. cxd5 Nxd5 19. Bc4 Be6 20. Qc1 Rxe4
21. fxe4 Nc7 22. Kh1 Qd4 23. Bxe6 Nxe6 24. Qc2 Rf8 25. Rad1 Qe3 26. Rd7 a5 27.
Qc4 Qg5 28. Qd5 Qg4 29. h3 Qe2 30. Rfxf7 Rxf7 31. Qxe6 Qf1+ 32. Kh2 Qf4+ 33. Kg1
Qf1+ 34. Kh2 Qf4+ 1/2-1/2

[Event "Moscow Blitz Final 2014"]
[Site "Moscow RUS"]
[Date "2014.09.06"]
[Round "14.4"]
[White "Fedoseev, Vladimir3"]
[Black "Grischuk, Alexander"]
[Result "1/2-1/2"]
[WhiteTitle "GM"]
[BlackTitle "GM"]
[WhiteElo "2677"]
[BlackElo "2789"]
[WhiteFideId "24130737"]
[BlackFideId "4126025"]
[EventDate "2014.09.06"]

1. d4 Nf6 2. c4 g6 3. Nc3 d5 4. cxd5 Nxd5 5. Bd2 Nb6 6. e3 Bg7 7. f4 O-O 8. Nf3
Na6 9. Ne4 Bf5 10. Ng3 Be6 11. Bxa6 bxa6 12. O-O c5 13. Bc3 Nd5 14. Qd2 Nxc3 15.
bxc3 Qa5 16. Ne4 cxd4 17. cxd4 Qxd2 18. Nfxd2 Rab8 19. Nc5 Bd5 20. Ndb3 Rfc8 21.
Nxa6 Rb6 22. Nac5 h6 23. Rfc1 g5 24. f5 e5 25. Nd7 Rxc1+ 26. Rxc1 Ra6 27. Rc8+
Kh7 28. Nbc5 Rxa2 29. e4 Ra1+ 30. Kf2 Ra2+ 31. Ke1 Bc4 32. f6 exd4 33. fxg7 Kxg7
34. Ne5 Bb5 35. Rc7 Kf6 36. Ng4+ Kg6 37. Ne5+ Kf6 38. Nxf7 Rxg2 39. e5+ Kg6 40.
Nd6 a6 41. e6 d3 42. Nxb5 Re2+ 43. Kd1 axb5 44. Rb7 Kf6 45. Rf7+ Kg6 46. Rb7 Kf6
47. Rxb5 Rxh2 48. Rb7 Re2 49. Rf7+ Kg6 50. Rc7 h5 51. Rc6 Kf5 52. Nb3 Re4 53.
Kd2 h4 54. Kxd3 Re1 55. Nd4+ Kf6 56. Rc7 h3 57. Rh7 g4 58. e7 Rxe7 59. Rxe7 Kxe7
60. Nf5+ Kf6 61. Ng3 Ke5 1/2-1/2

[Event "Moscow Blitz Final 2014"]
[Site "Moscow RUS"]
[Date "2014.09.06"]
[Round "14.5"]
[White "Seliverstov, Vladimir"]
[Black "Reshetnikov, Alexey"]
[Result "1/2-1/2"]
[WhiteTitle "FM"]
[BlackTitle "IM"]
[WhiteElo "2432"]
[BlackElo "2498"]
[WhiteFideId "4192036"]
[BlackFideId "4162080"]
[EventDate "2014.09.06"]

1. c4 c6 2. Nf3 d5 3. g3 Nf6 4. Bg2 Bf5 5. cxd5 cxd5 6. Qb3 Qb6 7. Qxb6 axb6 8.
Nc3 Bd7 9. O-O e6 10. d3 Na6 11. Bf4 Bc5 12. a3 Ke7 13. b4 Bd6 14. Be3 Rhc8 15.
Bd4 b5 16. e4 dxe4 17. dxe4 Bb8 18. e5 Ne8 19. Rfd1 Bc6 20. Ng5 h6 21. Nge4 Rd8
22. f4 Rxd4 23. Rxd4 Ba7 24. Rd1 Rd8 25. Ne2 Bxd4+ 26. Rxd4 f5 27. Rxd8 Kxd8 28.
N4c3 Nec7 29. Nd4 Kd7 30. Bf1 g5 31. Kf2 Ke7 32. Ndxb5 Nd5 33. Nxd5+ Bxd5 34.
Ke3 Nb8 35. Nd4 Nd7 36. Bb5 Nb6 37. a4 Be4 38. Kd2 gxf4 39. gxf4 Nd5 40. Bc4
Nxf4 41. a5 Ng6 42. Bxe6 f4 43. Bf5 Bxf5 44. Nxf5+ Ke6 45. Nd6 Kxe5 46. Nxb7 Kd4
47. a6 Ne5 48. a7 Nc4+ 49. Ke2 Nb6 50. Nd6 Kd5 51. Nc8 Na8 52. b5 Kc5 53. b6 Kc6
54. Kf3 Kb7 55. Nd6+ Kxb6 56. Kxf4 Kxa7 57. h4 Kb6 58. h5 Kc6 59. Nf7 Nc7 60.
Kf5 Ne8 61. Kg6 Kd7 62. Nxh6 Ke7 63. Nf7 Nc7 64. Ng5 Kf8 65. Kf6 Nd5+ 66. Kg6
Ne7+ 67. Kf6 Nd5+ 68. Ke5 Kg7 69. Kxd5 1/2-1/2

[Event "Moscow Blitz Final 2014"]
[Site "Moscow RUS"]
[Date "2014.09.06"]
[Round "14.6"]
[White "Savchenko, Boris"]
[Black "Paravyan, David"]
[Result "1-0"]
[WhiteTitle "GM"]
[BlackTitle "IM"]
[WhiteElo "2608"]
[BlackElo "2428"]
[WhiteFideId "4147332"]
[BlackFideId "4194985"]
[EventDate "2014.09.06"]

1. e4 e5 2. Nf3 Nc6 3. Bb5 Nf6 4. d3 Bc5 5. c3 O-O 6. Bxc6 bxc6 7. Nxe5 d5 8. d4
Bd6 9. Nxc6 Qe8 10. e5 Qxc6 11. O-O Be7 12. exf6 Bxf6 13. Re1 a5 14. Na3 a4 15.
Nc2 Bf5 16. Nb4 Qd6 17. g3 Rfe8 18. Bf4 Rxe1+ 19. Qxe1 Qd7 20. Qe2 a3 21. Re1
axb2 22. Qxb2 h5 23. f3 h4 24. Be5 hxg3 25. hxg3 Be7 26. g4 Bg6 27. Kg2 c5 28.
dxc5 Bxc5 29. Bd4 Bf8 30. Qb3 Re8 31. Rxe8 Qxe8 32. Qxd5 Qe2+ 33. Bf2 Qb2 34.
Qc4 Qa3 35. Nd5 Kh7 36. Nf4 Bb1 37. Qxf7 Bd6 38. Bd4 Qxa2+ 39. Qxa2 Bxa2 40. Nd3
g5 41. Be5 Be7 42. Nb4 Bc4 43. Nc6 Bf8 44. Bf6 Bh6 45. Ne7 Bf7 46. Kf2 Be6 47.
Ke3 Bc4 48. Ke4 Be2 49. Ke3 Bc4 50. Nf5 Kg6 51. Nxh6 Kxh6 52. f4 gxf4+ 53. Kxf4
Kg6 54. Ke5 Kf7 55. g5 Be2 56. Kd5 Ke8 57. c4 Bd3 58. c5 Bf5 59. Kd6 Kf7 60. c6 1-0

[Event "Moscow Blitz Final 2014"]
[Site "Moscow RUS"]
[Date "2014.09.06"]
[Round "14.7"]
[White "Najer, Evgeniy"]
[Black "Morozevich, Alexander"]
[Result "0-1"]
[WhiteTitle "GM"]
[BlackTitle "GM"]
[WhiteElo "2646"]
[BlackElo "2731"]
[WhiteFideId "4118987"]
[BlackFideId "4116992"]
[EventDate "2014.09.06"]

1. e4 e5 2. Nf3 Nc6 3. Bb5 Nge7 4. c3 a6 5. Ba4 g6 6. d4 exd4 7. cxd4 b5 8. Bc2
d5 9. exd5 Nxd5 10. Nc3 Bg7 11. Bg5 f6 12. Bd2 Nce7 13. O-O O-O 14. Re1 c6 15.
Ne4 g5 16. Nc5 Ng6 17. Qb1 g4 18. Bxg6 hxg6 19. Nh4 f5 20. Nxg6 Re8 21. Qd3 Ra7
22. Rad1 Bf6 23. h4 gxh3 24. Qxh3 Rh7 25. Qd3 Kf7 26. Rxe8 Qxe8 27. Nf4 Qh8 28.
Nh3 f4 29. Kh2 Bxh3 30. gxh3 Ne3 0-1

[Event "Moscow Blitz Final 2014"]
[Site "Moscow RUS"]
[Date "2014.09.06"]
[Round "14.8"]
[White "Karjakin, Sergey"]
[Black "Grachev, Boris"]
[Result "1-0"]
[WhiteTitle "GM"]
[BlackTitle "GM"]
[WhiteElo "2777"]
[BlackElo "2673"]
[WhiteFideId "14109603"]
[BlackFideId "4129199"]
[EventDate "2014.09.06"]

1. d4 d5 2. c4 e6 3. Nf3 Nf6 4. Nc3 Nbd7 5. Bf4 dxc4 6. e3 a6 7. a4 Bd6 8. Bxd6
cxd6 9. Bxc4 O-O 10. O-O b6 11. Qb3 Bb7 12. Be2 Qe7 13. Rfc1 Rfc8 14. Nd2 h6 15.
Nc4 Rab8 16. Qb4 Ne8 17. e4 Kf8 18. Ne3 Nef6 19. f3 Ne8 20. Ncd1 Kg8 21. Qd2 Qd8
22. Rxc8 Rxc8 23. Rc1 Rc7 24. Rxc7 Qxc7 25. b3 Nef6 26. Qc3 Qxc3 27. Nxc3 Kf8
28. Kf2 g6 29. Na2 e5 30. Nc4 Ke7 31. d5 Ne8 32. b4 Kd8 33. Nc3 Kc7 34. g3 Bc8
35. f4 f6 36. h4 Ng7 37. Ke3 Nf8 38. Kf2 g5 39. f5 Nh7 40. Ne3 h5 41. g4 hxg4
42. hxg5 Nxg5 43. Nxg4 Nh7 44. Kg3 Kd8 45. Kh4 Ke7 46. Ne3 Nf8 47. Nc4 Nd7 48.
Bd1 Bb7 49. Be2 Bc8 50. Nb1 Bb7 51. Nbd2 Bc8 52. Nf1 Bb7 53. Nfe3 Bc8 54. Kg3
Bb7 55. Ng2 Bc8 56. Kg4 Ne8 57. Kh5 Nc7 58. Na3 a5 59. bxa5 bxa5 60. Nc4 Nc5 61.
Bf3 Nxa4 62. Nxa5 Bd7 63. Kg6 Nc5 64. Ne3 Nd3 65. Nc6+ Bxc6 66. dxc6 Nb4 67. Ng4
Ne8 68. Nxf6 Nxf6 1-0

[Event "Moscow Blitz Final 2014"]
[Site "Moscow RUS"]
[Date "2014.09.06"]
[Round "14.9"]
[White "Dvalishvili, Pavel S."]
[Black "Dubov, Daniil"]
[Result "0-1"]
[WhiteTitle "IM"]
[BlackTitle "GM"]
[WhiteElo "2439"]
[BlackElo "2614"]
[WhiteFideId "4121996"]
[BlackFideId "24126055"]
[EventDate "2014.09.06"]

1. e4 e5 2. Nf3 Nc6 3. Bb5 a6 4. Ba4 Nge7 5. c4 g6 6. d4 exd4 7. Nxd4 Bg7 8.
Nxc6 Nxc6 9. O-O O-O 10. Nc3 d6 11. Be3 Ne5 12. Bb3 Be6 13. c5 Nc4 14. Bxc4 Bxc4
15. Re1 dxc5 16. Bxc5 Re8 17. Qa4 Be6 18. Rad1 Qh4 19. Bd4 Bf8 20. f3 Bd6 21. e5
Be7 22. Ne4 Rad8 23. Bf2 Qh5 24. Nf6+ Bxf6 25. exf6 Qf5 26. Qb4 Qxf6 27. Qxb7
Rxd1 28. Rxd1 Bxa2 29. h3 h5 30. Rd2 Qf4 31. Rc2 Rd8 32. Be1 Qe3+ 33. Kf1 Bc4+
34. Rxc4 Qd3+ 35. Kg1 Qxc4 0-1

[Event "Moscow Blitz Final 2014"]
[Site "Moscow RUS"]
[Date "2014.09.06"]
[Round "14.10"]
[White "Kretov, Evgenij"]
[Black "Malakhov, Vladimir"]
[Result "0-1"]
[WhiteTitle "FM"]
[BlackTitle "GM"]
[WhiteElo "2263"]
[BlackElo "2696"]
[WhiteFideId "4167821"]
[BlackFideId "4120787"]
[EventDate "2014.09.06"]

1. d4 g6 2. c4 Bg7 3. Nc3 e6 4. Nf3 Ne7 5. e4 d5 6. cxd5 exd5 7. e5 O-O 8. h3 c5
9. Be3 Nbc6 10. Be2 cxd4 11. Bxd4 Nxd4 12. Qxd4 Be6 13. O-O Nc6 14. Qf4 Qb8 15.
Rfd1 Rd8 16. Nb5 Nxe5 17. Nbd4 Nc4 18. Qxb8 Raxb8 19. b3 Nd6 20. Rd2 Rbc8 21.
Rad1 Ne4 22. Rc2 Rxc2 23. Nxc2 Nc3 24. Re1 Nxa2 25. Ncd4 Nc3 26. Bd3 Bd7 27. Rc1
Rc8 28. Kf1 Ne4 29. Rxc8+ Bxc8 30. Ke2 a6 31. Ke3 Nc5 32. Bc2 Bd7 33. Ke2 Kf8
34. Ke3 Ke7 35. Ke2 Ne6 36. Ke3 Nxd4 37. Nxd4 Kd6 38. b4 Bxd4+ 39. Kxd4 b6 40.
Bb3 Bc6 41. f4 a5 42. bxa5 bxa5 43. g4 a4 44. Ba2 a3 45. f5 g5 46. Bb3 f6 47.
Ba2 h6 48. Bb3 Bb5 49. Bxd5 Bf1 0-1

[Event "Moscow Blitz Final 2014"]
[Site "Moscow RUS"]
[Date "2014.09.06"]
[Round "15.1"]
[White "Malakhov, Vladimir"]
[Black "Moskalenko, Alexander"]
[Result "1-0"]
[WhiteTitle "GM"]
[BlackTitle "IM"]
[WhiteElo "2696"]
[BlackElo "2460"]
[WhiteFideId "4120787"]
[BlackFideId "4155351"]
[EventDate "2014.09.06"]

1. e4 e5 2. Nf3 Nc6 3. Bc4 Be7 4. d4 d6 5. dxe5 Nxe5 6. Nxe5 dxe5 7. Qh5 g6 8.
Qxe5 Nf6 9. Bh6 Qd6 10. Qxd6 cxd6 11. Nc3 Be6 12. Bb5+ Kd8 13. f3 a6 14. Ba4 Kc7
15. O-O-O Rhd8 16. Rhe1 Nd7 17. Bxd7 Kxd7 18. Nd5 Bxd5 19. Rxd5 Ke6 20. Red1
Rac8 21. g4 Rc6 22. c3 Rdc8 23. Kc2 Rc5 24. Be3 Rxd5 25. Rxd5 Rh8 26. f4 h5 27.
Bd4 Rh7 28. g5 h4 29. h3 Bf8 30. c4 f5 31. gxf6 Rc7 32. Kd3 Rc6 33. Rg5 Kf7 34.
Rg4 b5 35. cxb5 axb5 36. Rxh4 Rc1 37. Rh7+ Ke6 38. f5+ gxf5 39. exf5+ Kd5 40.
Bc3 Rf1 41. Rh8 b4 42. Bxb4 Rxf5 43. Rxf8 Rf4 44. Bc3 Rf3+ 45. Ke2 Rxh3 46. a4
Rh2+ 47. Kf3 Ke6 48. a5 Kf5 49. a6 Rh1 50. a7 Rf1+ 51. Ke2 1-0

[Event "Moscow Blitz Final 2014"]
[Site "Moscow RUS"]
[Date "2014.09.06"]
[Round "15.2"]
[White "Dubov, Daniil"]
[Black "Kretov, Evgenij"]
[Result "1-0"]
[WhiteTitle "GM"]
[BlackTitle "FM"]
[WhiteElo "2614"]
[BlackElo "2263"]
[WhiteFideId "24126055"]
[BlackFideId "4167821"]
[EventDate "2014.09.06"]

1. Nf3 c5 2. e4 Nc6 3. Nc3 g6 4. d4 cxd4 5. Nxd4 Bg7 6. Be3 Nf6 7. Nxc6 bxc6 8.
e5 Nd5 9. Nxd5 cxd5 10. Qxd5 Rb8 11. Bc4 O-O 12. O-O Qc7 13. Qc5 Qxc5 14. Bxc5
Bxe5 15. Bxe7 Re8 16. Ba3 Bxb2 17. Bxb2 Rxb2 18. Bb3 d6 19. Rfb1 Rxb1+ 20. Rxb1
Be6 21. Kf1 Bxb3 22. axb3 Rc8 23. Rb2 Kf8 24. Ra2 Rc7 25. Ke2 Ke7 26. Kd3 Kd7
27. c4 Rb7 28. Kc3 Ke6 29. b4 h5 30. Ra6 Ke7 31. b5 Rc7 32. Kd4 Kd7 33. h4 Ke7
34. f3 f5 35. Ra3 Kd7 36. f4 Ke6 37. Re3+ Kf6 38. Kd5 Rc5+ 39. Kxd6 Rxc4 40.
Re6+ Kf7 41. Re7+ Kf6 42. Rxa7 Rxf4 43. b6 Rxh4 44. b7 Rb4 45. Kc5 Rxb7 46. Rxb7
Ke5 47. Rg7 Kf6 48. Rg8 f4 49. Kd4 Kf5 50. Kd3 g5 51. Ke2 Kg4 52. Kf2 Kf5 53.
Rh8 Kg4 54. Rh7 h4 55. Rg7 Kf5 56. Kf3 1-0

[Event "Moscow Blitz Final 2014"]
[Site "Moscow RUS"]
[Date "2014.09.06"]
[Round "15.3"]
[White "Grachev, Boris"]
[Black "Dvalishvili, Pavel S."]
[Result "1-0"]
[WhiteTitle "GM"]
[BlackTitle "IM"]
[WhiteElo "2673"]
[BlackElo "2439"]
[WhiteFideId "4129199"]
[BlackFideId "4121996"]
[EventDate "2014.09.06"]

1. d4 g6 2. Nf3 Bg7 3. Bf4 d6 4. e3 Nd7 5. h3 e5 6. Bh2 exd4 7. exd4 Ngf6 8. Bd3
O-O 9. O-O b6 10. c3 Bb7 11. Nbd2 Re8 12. Qb3 Bh6 13. Rae1 Rxe1 14. Rxe1 Qf8 15.
Qa4 a6 16. a3 b5 17. Qd1 Re8 18. Bf1 Nb6 19. Qc2 Rxe1 20. Nxe1 c5 21. dxc5 dxc5
22. Nd3 c4 23. Ne5 Qc5 24. Ndf3 Ne4 25. Nd4 Bg7 26. Nef3 Qd5 27. Qe2 h6 28. Bf4
Na4 29. Bc1 Nac5 30. Qc2 Nd6 31. Be3 Qe4 32. Qd2 g5 33. Nxb5 axb5 34. Qxd6 Na4
35. Bd4 Nxb2 36. Ne5 Nd3 37. Ng4 Qc6 38. Qd8+ Kh7 39. Nf6+ Kg6 40. Qg8 Nf4 41.
Qh7# 1-0

[Event "Moscow Blitz Final 2014"]
[Site "Moscow RUS"]
[Date "2014.09.06"]
[Round "15.4"]
[White "Morozevich, Alexander"]
[Black "Karjakin, Sergey"]
[Result "1-0"]
[WhiteTitle "GM"]
[BlackTitle "GM"]
[WhiteElo "2731"]
[BlackElo "2777"]
[WhiteFideId "4116992"]
[BlackFideId "14109603"]
[EventDate "2014.09.06"]

1. b3 e5 2. Bb2 Nc6 3. e3 Nf6 4. Bb5 Bd6 5. Na3 e4 6. Nc4 Be7 7. Bxc6 bxc6 8.
Ne2 O-O 9. O-O d5 10. Ne5 Qe8 11. f4 c5 12. c4 c6 13. Rc1 Ng4 14. Nxg4 Bxg4 15.
h3 Bxe2 16. Qxe2 Qd7 17. d3 Qf5 18. Rfd1 Rfd8 19. cxd5 Rxd5 20. dxe4 Qxe4 21.
Qf3 Qxf3 22. gxf3 Rad8 23. Rxd5 Rxd5 24. Rc2 f6 25. Kf2 Kf7 26. Ba3 Rh5 27. Kg2
g5 28. f5 c4 29. Bxe7 cxb3 30. axb3 Kxe7 31. Rxc6 Rh4 32. e4 h5 33. Kg3 1-0

[Event "Moscow Blitz Final 2014"]
[Site "Moscow RUS"]
[Date "2014.09.06"]
[Round "15.5"]
[White "Paravyan, David"]
[Black "Najer, Evgeniy"]
[Result "0-1"]
[WhiteTitle "IM"]
[BlackTitle "GM"]
[WhiteElo "2428"]
[BlackElo "2646"]
[WhiteFideId "4194985"]
[BlackFideId "4118987"]
[EventDate "2014.09.06"]

1. e4 c5 2. Nf3 Nf6 3. e5 Nd5 4. Nc3 Nxc3 5. dxc3 Nc6 6. Bc4 e6 7. O-O Qc7 8.
Re1 b6 9. Bg5 Bb7 10. Qe2 h6 11. Bh4 g5 12. Bg3 Bg7 13. h3 Ne7 14. Ba6 Bc6 15.
Bb5 O-O 16. Rad1 Rad8 17. Bxc6 dxc6 18. Rxd8 Rxd8 19. Rd1 Ng6 20. Re1 b5 21. Nh2
Rd5 22. Ng4 Qd8 23. Qf3 c4 24. Ne3 Rc5 25. Rd1 Qc7 26. Ng4 Rd5 27. Nf6+ Bxf6 28.
Rxd5 cxd5 29. exf6 Qc5 30. b4 cxb3 31. cxb3 a5 32. Qd3 Kf8 33. a3 Kg8 34. b4
axb4 35. axb4 Qc4 36. Qe3 Kh7 37. Qa7 Nh8 38. Qe7 Qxc3 39. Bd6 Kg6 40. f4 gxf4
41. Bxf4 Qd4+ 0-1

[Event "Moscow Blitz Final 2014"]
[Site "Moscow RUS"]
[Date "2014.09.06"]
[Round "15.6"]
[White "Reshetnikov, Alexey"]
[Black "Savchenko, Boris"]
[Result "0-1"]
[WhiteTitle "IM"]
[BlackTitle "GM"]
[WhiteElo "2498"]
[BlackElo "2608"]
[WhiteFideId "4162080"]
[BlackFideId "4147332"]
[EventDate "2014.09.06"]

1. e4 e6 2. d4 d5 3. Nd2 c5 4. Ngf3 Nf6 5. exd5 exd5 6. Bb5+ Bd7 7. Bxd7+ Nbxd7
8. O-O Be7 9. dxc5 Nxc5 10. Nb3 Nce4 11. Bf4 O-O 12. Qd3 Qb6 13. c3 Rfe8 14.
Rad1 a5 15. Be3 Qc7 16. Nbd4 Bc5 17. h3 a4 18. a3 Qb6 19. Qc2 Nd6 20. Nf5 Nxf5
21. Bxc5 Qxc5 22. Qxf5 Qb6 23. Qc2 h6 24. Rfe1 Re4 25. Rd4 Qc6 26. Red1 Rae8 27.
Qd3 Nh5 28. Qd2 Nf4 29. Rxe4 Rxe4 30. Nd4 Qg6 31. f3 Re2 32. Qxe2 Nxe2+ 33. Nxe2
Qc2 34. Re1 Qxb2 35. Kf2 Qxa3 36. Rb1 Qc5+ 37. Ke1 a3 38. Ra1 d4 39. cxd4 Qb4+
40. Kf2 Qb2 0-1

[Event "Moscow Blitz Final 2014"]
[Site "Moscow RUS"]
[Date "2014.09.06"]
[Round "15.7"]
[White "Grischuk, Alexander"]
[Black "Seliverstov, Vladimir"]
[Result "1/2-1/2"]
[WhiteTitle "GM"]
[BlackTitle "FM"]
[WhiteElo "2789"]
[BlackElo "2432"]
[WhiteFideId "4126025"]
[BlackFideId "4192036"]
[EventDate "2014.09.06"]

1. d4 d5 2. c4 c6 3. Nf3 Nf6 4. g3 Bf5 5. Nc3 e6 6. Nh4 Bg6 7. Nxg6 hxg6 8. Qb3
Qb6 9. Bg2 Nbd7 10. O-O Be7 11. Rd1 O-O 12. e4 dxe4 13. Nxe4 Nxe4 14. Bxe4 Nf6
15. Bf3 Rfd8 16. Be3 Qxb3 17. axb3 a6 18. g4 Rd7 19. g5 Ne8 20. d5 cxd5 21. cxd5
e5 22. Bg4 Rdd8 23. Rac1 Bd6 24. Bb6 Rdb8 25. Re1 Kf8 26. Kg2 a5 27. Be3 a4 28.
bxa4 Rxa4 29. h3 Rba8 30. Rc2 Nc7 31. Bc5 Bxc5 32. Rxc5 Ne8 33. Rxe5 Rd4 34. Re3
Rd8 35. Bf3 Nd6 36. Rc7 Nf5 37. Re4 Nh4+ 38. Kg3 Nxf3 39. Kxf3 R4xd5 40. Rxb7
Rxg5 41. Rf4 Rf5 42. Rxf5 gxf5 43. b4 g5 44. Rb5 Rd3+ 45. Kg2 g4 46. Rxf5 gxh3+
47. Kh2 Rb3 48. Rf4 Kg7 49. f3 Kg6 50. Kxh3 f5 51. Kg3 Kg5 52. Rc4 Rb1 53. f4+
Kh5 54. Kf3 Rb3+ 55. Ke2 Kg4 56. Kd2 Rf3 57. b5 Rb3 58. Ke2 Rxb5 59. Kf2 Rb3 60.
Rc8 Rb2+ 61. Kf1 Kxf4 62. Rc4+ Kg3 63. Rc3+ Kg4 64. Ra3 1/2-1/2

[Event "Moscow Blitz Final 2014"]
[Site "Moscow RUS"]
[Date "2014.09.06"]
[Round "15.8"]
[White "Riazantsev, Alexander"]
[Black "Fedoseev, Vladimir3"]
[Result "1/2-1/2"]
[WhiteTitle "GM"]
[BlackTitle "GM"]
[WhiteElo "2678"]
[BlackElo "2677"]
[WhiteFideId "4125029"]
[BlackFideId "24130737"]
[EventDate "2014.09.06"]

1. d4 Nf6 2. c4 g6 3. Nc3 Bg7 4. e4 d6 5. h3 O-O 6. Be3 a6 7. Nf3 Nbd7 8. g4 c5
9. Be2 b6 10. Qd2 Bb7 11. d5 b5 12. cxb5 axb5 13. Bxb5 Nb6 14. O-O e6 15. Bc6
Bxc6 16. dxc6 Nc4 17. Qe2 Nxe3 18. Qxe3 Qb6 19. e5 Nd5 20. Nxd5 exd5 21. exd6
Qxc6 22. Rac1 c4 23. b3 Rfe8 24. Qf4 Re4 25. Qd2 c3 26. Rfd1 Ra5 27. Qd3 Rb4 28.
a3 Rxb3 29. Nd4 Bxd4 30. Qxd4 Qxd6 31. Rxc3 Rxc3 32. Qxc3 Rxa3 33. Rxd5 Rxc3 34.
Rxd6 Rxh3 35. Kg2 Ra3 36. f3 Kg7 37. Kg3 h6 38. Rb6 Re3 39. Ra6 Re6 40. Ra7 Kf6
41. Rb7 Rd6 42. Ra7 Ke6 43. Rb7 Rd5 44. Rb6+ Ke5 45. Ra6 Rd3 46. Ra5+ Ke6 47.
Ra6+ Rd6 48. Ra7 Rd5 49. Ra6+ Ke7 50. Ra7+ Kf6 51. Ra6+ Kg7 52. Ra7 Re5 53. Rb7
Kf6 54. Rb6+ Re6 55. Rb7 g5 56. Ra7 Kg6 57. Ra5 f6 58. Rb5 Re5 59. Rb6 Kf7 60.
Rb7+ Re7 61. Rb6 Re6 62. Rb7+ Kg6 63. Rb5 Ra6 64. Rc5 Ra4 65. Rc6 Rf4 66. Ra6
Rd4 67. Rb6 Rd1 68. Ra6 Rg1+ 69. Kf2 Rb1 70. Kg3 Rb2 71. Rc6 Rb3 72. Ra6 Kg7 73.
Ra7+ Kg6 74. Ra6 Rb4 75. Rc6 Rf4 76. Ra6 h5 77. gxh5+ Kxh5 78. Rb6 Kg6 79. Ra6
Rd4 80. Rb6 Rd5 81. Ra6 Kf5 82. Rb6 Ke5 83. Rb8 f5 84. f4+ gxf4+ 1/2-1/2

[Event "Moscow Blitz Final 2014"]
[Site "Moscow RUS"]
[Date "2014.09.06"]
[Round "15.9"]
[White "Popov, Ivan RUS"]
[Black "Belous, Vladimir"]
[Result "0-1"]
[WhiteTitle "GM"]
[BlackTitle "GM"]
[WhiteElo "2627"]
[BlackElo "2584"]
[WhiteFideId "4170350"]
[BlackFideId "4174003"]
[EventDate "2014.09.06"]

1. e4 c5 2. Ne2 Nc6 3. Nbc3 g6 4. d4 cxd4 5. Nxd4 Bg7 6. Be3 Nf6 7. Nxc6 bxc6 8.
e5 Ng8 9. Bd4 Qc7 10. Bc4 Bxe5 11. O-O Nf6 12. Re1 d6 13. Bxe5 dxe5 14. Qe2 Nd7
15. f4 Qb6+ 16. Kh1 Qxb2 17. Ne4 O-O 18. Ng5 exf4 19. Nxf7 Rxf7 20. Bxf7+ Kxf7
21. Qxe7+ Kg8 22. Rad1 Qg7 23. Qd8+ Nf8 24. Re7 Qf6 25. Re8 Qf7 26. Re7 Bg4 27.
Rxf7 Rxd8 28. Rxd8 Kxf7 29. Ra8 Nd7 30. Rxa7 Ke7 31. Kg1 Bf5 32. c3 Kd6 33. Kf2
h5 34. h4 Ne5 35. a4 Be4 36. a5 Ng4+ 37. Kg1 Ne5 38. a6 c5 39. Rg7 Nd7 40. a7
Nb6 41. Rg8 Kc7 42. Rb8 Bb7 43. Kf2 Bc6 44. Kg1 Bd5 45. Kf2 Be4 46. Rf8 Kb7 47.
Rxf4 Bf5 48. Rf3 Kxa7 49. Re3 Kb7 50. Re8 Nd5 51. c4 Nb6 52. Ke3 Nxc4+ 53. Kf4
Nd6 54. Rd8 Kc7 55. Ra8 c4 56. Ke3 c3 57. Ra1 c2 58. Kd2 Kc6 59. Kc3 Kd5 60. Re1
Nb5+ 61. Kb2 Nd4 62. Kc3 c1=Q+ 0-1

[Event "Moscow Blitz Final 2014"]
[Site "Moscow RUS"]
[Date "2014.09.06"]
[Round "15.10"]
[White "Motylev, Alexander"]
[Black "Mozharov, Mikhail"]
[Result "1/2-1/2"]
[WhiteTitle "GM"]
[BlackTitle "GM"]
[WhiteElo "2686"]
[BlackElo "2555"]
[WhiteFideId "4121830"]
[BlackFideId "4189825"]
[EventDate "2014.09.06"]

1. e4 e5 2. Nf3 Nc6 3. Bb5 Nf6 4. O-O Nxe4 5. Re1 Nd6 6. Nxe5 Nxe5 7. Rxe5+ Be7
8. Bf1 O-O 9. Nc3 Ne8 10. Nd5 Bd6 11. Re1 c6 12. Ne3 Bc7 13. Nf5 d5 14. Ne7+ Kh8
15. Nxc8 Rxc8 16. d3 Nf6 17. g3 Qd7 18. Bg5 Qf5 19. Qd2 Rfe8 20. h3 h6 21. Be3
Bb6 22. Bxb6 axb6 23. Re3 Rxe3 24. Qxe3 b5 25. Qe7 Qd7 26. Re1 Kg8 27. h4 Rc7
28. Qe5 Rc8 29. Qe7 Rc7 30. Qc5 Qf5 31. Qd6 Qd7 32. Qf4 Rc8 33. Kh2 Ng4+ 34. Kg1
Nf6 35. Kh2 Ng4+ 36. Kg1 Nf6 37. Kh2 1/2-1/2